000 01193nam a2200217Ia 4500
003 Ost
005 20260416102401.0
008 260416s9999||||xx |||||||||||||| ||und||
040 _cfsecg
041 _aara
082 _a658.015
100 _aلعيداني، نعيمة
_eمؤلف
245 0 _aدروس في السلوك التنظيمي :
_bمطبوعة موجهة لطلبة مستوى ماستر تخصص ادارة الموارد البشرية و ادارة أعمال /
_c نعيمة لعيداني
260 _aالجزائر
_bجامعة الجزائر3: كلية العلوم الإقتصادية، العلوم التجارية وعلوم التسيير
_c2023
300 _a146 ورقة
_bايضاحات
_c12 سم
520 _aالمحددات الفردية للسلوك التنظيمي، المحددات الجماعية للسلوك التنظيمي،نماذج عن السلوك التنظيمي.
653 _aالسلوك الإداري
653 _aالسلوك التنظيمي
710 _aجامعة الجزائر3: كلية العلوم الإقتصادية، العلوم التجارية وعلوم التسيير
_eناشر علمي
942 _cHANDOUT
999 _c41423
_d41423